|
|
|
|
| LEADER |
00000cam a2200000 i 4500 |
| 001 |
1/50428 |
| 008 |
140702s2013 gr g| ||| |||| ||gre|| |
| 020 |
|
|
|a 9789604353941
|
| 035 |
|
|
|l 10118160
|
| 040 |
|
|
|a GR-MyUa
|b gre
|e AACR2
|
| 041 |
1 |
|
|a gre
|h fre
|
| 082 |
7 |
|
|a 940.5318
|2 (23)
|
| 100 |
1 |
|
|a Wieviorka, Annette.
|
| 245 |
1 |
3 |
|a Το Άουσβιτς, όπως το εξήγησα στην κόρη μου /
|c Annette Wieviorka ; μετάφραση Κορίνα Δευτεραίου, επίμετρο Ρίκα Μπενβενίστε.
|
| 260 |
|
|
|a Αθήνα :
|b Πόλις,
|c 2013.
|
| 300 |
|
|
|a 95 σ. ;
|c 21 εκ.
|
| 500 |
|
|
|a Τίτλος πρωτοτύπου: Auschwitz expliqué à ma fille.
|
| 610 |
2 |
0 |
|a Auschwitz (Concentration camp)
|
| 650 |
|
0 |
|a Holocaust, Jewish (1939-1945)
|v Personal narratives.
|
| 852 |
|
|
|a INST
|b LESVOS
|e 20140702
|h 940.5318 WIE
|p 005100054603
|q 005100054603
|t BK
|y 0
|
| 901 |
|
|
|a BIBL1-2014-2
|
| 922 |
|
|
|a 1ΕΛΗ
|b 201406
|c Τμήμα Κοινωνικής Ανθρωπολογίας και Ιστορίας
|d Ιωαννίδου
|
| 970 |
|
|
|a Τζαφέρη
|b Ευαγγελία
|z 02/07/2014
|